Từ điển Nga T.III

Đã lưu trong:
書目詳細資料
格式: 圖書
語言:Vietnamese
出版: Moscou : MOCKBA , 1985
版:In lần thứ 1
主題:
標簽: 添加標簽
沒有標簽, 成為第一個標記此記錄!
Thư viện lưu trữ: Thư viện Trường CĐ Kỹ Thuật Cao Thắng
LEADER 00530nam a2200181 a 4500
001 TVCDKTCT697
003 Thư viện trường Cao đẳng Kỹ thuật Cao Thắng
005 20050803000000
008 050803
980 \ \ |a Thư viện Trường CĐ Kỹ Thuật Cao Thắng 
024 |a RG_1 #1 eb0 i4 
041 0 # |a vie 
082 # # |a 413.1 /   |b T400C 
245 0 0 |a Từ điển Nga T.III 
250 # # |a In lần thứ 1 
260 # # |a Moscou :  |b MOCKBA ,  |c 1985 
300 # # |a 736tr. ;  |c 29cm 
650 # 4 |a Từ điển--Nga